Представление документа в формате RUSMARC

ПолеНазваниеЗначение
  Тип записи c
  Библиографический уровень m
001 Контрольный номер RU/УОНБ/EK_N/547907043
005 Дата корректировки 20250520131145.6
010 Индекс ISBN __
9 Тираж 25000 экз.
013 Номер (ISMN) __
d Цена 1 р. 20 к.
071 Издательские номер (звукозапись и ноты) 21
a Номер, присвоенный агентством 2386
100 Данные общей обработки __
a Данные общей обработки 20170512d1980 u y0rusy0189||||ca
101 Язык документа 0_
a Язык текста rus
f Язык титульного листа rus
102 Страна публикации __
a Страна публикации RU
105 Кодированные данные (монография) __
a Кодированные данные (монография) y###||||000|y
125 Кодированные данные звукозаписи и нотных изданий __
a Форма изложения нотного текста с|
128 Кодированные данные (звукозаписи-физические характеристики) __
a Кодированные данные: Музыкальная форма и тональность или лад ccn
c Инструменты или голоса, рекомендуемые для солистов (устаревшее) vu||
200 Заглавие и сведения об ответственности 1_
a Заглавие Зарубежная эстрадная песня за 100 лет
b Общее обозначение материала Ноты
e Сведения, относящиеся к заглавию для голоса в сопровожд. фп.
f Первые сведения об ответственности пер. с англ. Р. Дольниковой
210 Выходные данные 1_
a Место издания Ленинград
c Издательство Музыка
d Дата издания 1980
215 Физическое описание __
a Объем 88 с.
d Формат 29 см
300 Общие примечания __
a Общие примечания [С предисл. изд-ва]
327 Примечание о содержании 11
a Примечание о содержании Содерж. : Пенн У. Х. Цветок и пчела / сл. А. Х. Фитца. - Баэз-Норуорт Н. Луна, луна, приди скорей / сл. Дж. Норуорта. - Мьюр Ф. Будем пароход встречать / сл. Л. В. Гилберта. - Хэнди В. С. Сэнт-Луис / сл. В. С. Хэнди. - Керн Дж. Д. Никто не верил / сл. М. Э. Рурка. - Гершвин Дж. Суонни / сл. А. Сизера. - Бэрни Б., Кейси К., Пинкард М. Джорджия Браун / сл. Б. Бэрни, К. Кейси, М. Пинкард. - Доналдсон У. Да, влюблен я в крошку / сл. Г. Кана. - Вейн М. Рамона / сл. Л. В. Гилберта. - Алерт Ф. О, счастлив я / сл. Р. Тэрка. - Роджерс Р. Луна / сл. Л. Харта. - Шервин М. Кто проводит тебя домой / сл. Т. Коннора. - Липпмэн С. Рано нам еще любить / сл. С. Ди. - Колмэн Ч. Поплачь / сл. Ч. Колмэна. - Доминоу А., Бартоломью Д. Прощай! / сл. А. Доминоу и Д. Бартоломью. - Рид Л., Стивенз Дж. В ночной тишине / сл. Л. Рида и Дж. Стивенза. - Рид Л., Мейсон Б. Дилайла ; Прощальный вальс / сл. Л. Рида и Б. Мейсона.
464 Аналитический уровень _0
1 2001
a Цветок и пчела
e Был обычный летний день...
1 700 1
a Пенн
b У. Х.
1 702 1
a Фитц
b А. Х.
4 520
464 Аналитический уровень _0
1 2001
a Луна, луна, приди скорей
e Звезды в облаках укрылись...
1 700 1
a Баэз-Норуорт
b Н.
1 702 1
a Норуорт
b Дж.
4 520
464 Аналитический уровень _0
1 2001
a Будем пароход встречать
e Танцуйте же с нами...
1 700 1
a Мьюр
b Ф.
1 702 1
a Гилберт
b Л. В.
4 520
464 Аналитический уровень _0
1 2001
a Сэнт-Луис
e Что мне закат...
1 700 1
a Хэнди
b В. С.
1 702 1
a Хэнди
b Л. В.
4 520
464 Аналитический уровень _0
1 2001
a Никто не верил
e Как я нашим встречам...
1 700 1
a Керн
b Дж. Д.
1 702 1
a Рурк
b М. Э.
4 520
464 Аналитический уровень _0
1 2001
a Суонни
e О, как давно мы не встречались...
1 700 1
a Гершвин
b Дж.
1 702 1
a Сизер
b А.
4 520
464 Аналитический уровень _0
1 2001
a Джорджия Браун
e Появилась лишь она...
1 700 1
a Бэрни
b Б.
1 701 1
a Кейси
b К.
1 701 1
a Пинкард
b М.
1 702 1
a Бэрни
b Б.
4 520
1 702 1
a Кейси
b К.
4 520
1 702 1
a Пинкард
b М.
4 520
464 Аналитический уровень _0
1 2001
a Да, влюблен я в крошку
e Кто по улице бежит...
1 700 1
a Доналдсон
b У.
1 702 1
a Кан
b Г.
4 520
464 Аналитический уровень _0
1 2001
a Рамона
e Светает, и прочь бежит...
1 700 1
a Вейн
b М.
1 702 1
a Гилберт
b Л. В.
4 520
464 Аналитический уровень _0
1 2001
a О, счастлив я
e Я ни богат, ни знатен...
1 700 1
a Алерт
b Ф.
1 702 1
a Тэрк
b Р.
4 520
464 Аналитический уровень _0
1 2001
a Луна
e Помню, было время...
1 700 1
a Роджерс
b Р.
1 702 1
a Харт
b Л.
4 520
464 Аналитический уровень _0
1 2001
a Кто проводит тебя домой
e Он долго стоял...
1 700 1
a Шервин
b М.
1 702 1
a Коннор
b Т.
4 520
464 Аналитический уровень _0
1 2001
a Рано нам еще любить
e Нам так стараютсь внушить...
1 700 1
a Липпмэн
b С.
1 702 1
a Ди
b С.
4 520
464 Аналитический уровень _0
1 2001
a Поплачь
e Если милый написал тебе...
1 700 1
a Колмэн
b Ч.
1 702 1
a Колмэн
b Ч.
4 520
464 Аналитический уровень _0
1 2001
a Прощай!
e Из-за тебя горько плачу...
1 700 1
a Доминоу
b А.
1 701 1
a Бартоломью
b Д.
1 702 1
a Доминоу
b А.
4 520
1 702 1
a Бартоломью
b Д.
4 520
464 Аналитический уровень _0
1 2001
a В ночной тишине
e Никого вокруг...
1 700 1
a Рид
b Л.
1 701 1
a Стивенз
b Дж.
1 702 1
a Рид
b Л.
4 520
1 702 1
a Стивенз
b Дж.
4 520
464 Аналитический уровень _0
1 2001
a Дилайла
e Вечером поздним...
1 700 1
a Рид
b Л.
1 701 1
a Мейсон
b Б.
1 702 1
a Рид
b Л.
4 520
1 702 1
a Мейсон
b Б.
4 520
464 Аналитический уровень _0
1 2001
a Прощальный вальс
e Последний танец вышли объявить...
1 700 1
a Рид
b Л.
1 701 1
a Мейсон
b Б.
1 702 1
a Рид
b Л.
4 520
1 702 1
a Мейсон
b Б.
4 520
512 Заглавие обложки 1_
a Заглавие обложки Зарубежная эстрадная песня за 100 лет
606 Тематические рубрики 0_
a Основная рубрика Песни зарубежных композиторов
610 Ключевые слова 0_
a Ключевые слова песни зарубежных композиторов
686 Индексы других классификаций __
a Классификационный индекс 85.943.4-42-041.5(3)я43
2 Код системы rubbk
702 Вторичная интеллектуальная ответственность _1
a Фамилия Дольников
b Имя (инициалы) Р.
4 Код отношения 730
801 Источник записи _0
a Страна RU
b Организация Ульяновская ОНБ
c Дата составления 20170512
g Правила каталогизации RCR
801 Источник записи _1
a Страна RU
b Организация Ульяновская ОНБ
c Дата составления 20170512
g Правила каталогизации RCR
901 Тип документа __
t Тип документа m
909 Создатель записи __
a Создатель записи Лобина Л. И.
910 Корректоры записи __
a Корректор записи Васина
938 Служебная информация __
a Имя БД noti
b Имя библиотеки УОНБ
c Имя АИБС МАРК-SQL
d Номер DOC_ID в БД 16284